000
00261 a2200097 4500
001
33151
100
_a
Vernadat,F.B
245
_a
Enterprise Modeling and Integration:Principles and Application
260
_a
London
_b
Chapman & Hall
_c
1996
090
_c
22219
_d
22219
942
_a
NUST-CAE
_c
M
_c
13580
999
_c
268224
_d
268224